000 00794nam a22002657a 4500
003 CHAP
005 20220817041405.0
008 971013s1978 r 00010 d
010 _a13077
011 _a14049
035 _a18122
040 _cCHAP
090 _aFolleto 10851
100 0 0 _aBaur, Robert C.
_910882
245 _aHow tp make a plant colum
_b: for growing small ferns, flowers and foliage under glass
260 _a(s.l.) :
_bThe Terrarium Association,
_c1978
300 _a10 p.
_b: ilus.
590 _aBATCH-UPD
_b10
_c20130110
_lUCH01
_h2011
590 _aCONVERSION
_b10
_c20130109
_lUCH01
_h1308
650 1 4 _aArreglos florales.
_97425
650 1 4 _aPlantas ornamentales.
901 _aBK
942 _cFOLL
949 _aFolleto 10851
_bBC
_cFOLL
_d-42323
_eTS1
_i18122
_mD
_si
999 _c13077
_d13077